000 04086nas1a22004691i 4500
001 RU\NLR\INFOCOMM55\1000060328
005 20240726044120.0
035 _a(NLR Aleph) 002597045
090 _a3409871
_c3409871
100 _a20040611c1979 |||y0rusy50 ca
101 0 _arus
102 _aRU
110 _azyu||||0|y0
200 1 _aОчистка природных и сточных вод
_eАналит. обзор. Сост. на основе отчетов о НИР и дис., поступивших во ВНТИЦентр
_fВНТИЦентр
210 _aМ.
_d1979-
300 _aВ надзаг. также: Гос. ком. СССР по науке и технике
430 1 _12001#$aОчистка сточных вод
_tОчистка сточных вод
712 0 2 _aВсесоюзный научно-технический информационный центр
_4570
801 1 _aRU
_bInfoComm
_c20040611
801 0 _aRU
_bNLR
_gPSBO
852 _aNLR
_jП10/5718
942 _cSE
980 _aRUSPER